00306nam a2200133Ia 4500003000400000005001700004008004100021020001900062040001000081100001900091245003700110260001600147260000900163OSt20240409150530.0170524s9999 xx 000 0 und d a978-0470458365 ciimtu akreyszig erwin 0aAdvanced engineering Mathematics bWiley India c2006